000 00541nam a2200133 4500
999 _c14327
_d14327
008 190912b ||||| |||| 00| 0 eng d
082 _aDPer 050 T48 Apr-June 2016 v. 187, n. 12-24.
100 _939523
_aVick, Karl.
245 _aSebastian Junger:
_bThe author "rants" about why people feel good after disasters, and the human connection that's missing from modern life/
_cKarl Vick.
260 _aHong Kong:
_bTime Asia,
_cc2016.
300 _av187 n24, page 48:
_billustrations;
_c27 cm.
650 _aBooks
_xAuthor.
_939897
942 _2ddc
_cPER